Seis países más cercanos: San Marino - Estadísticas

Estadísticas generales
  • Esta prueba ha sido intentada 57 veces
  • La puntuación promedio es 4 de 6
Estadísticas de respuestas
km país % Correcto
0 Italia
100%
221 Ciudad del Vaticano
96%
141 Croacia
69%
186 Eslovenia
69%
259 Francia
48%
271 Bosnia y Herzegovina
37%
No se encontraron pruebas coincidentes
Distribución de puntuación
Porcentaje de gente con cada puntuación
Porcentaje por número respondido
Historial de tus puntuaciones
No has intentado esta prueba.